Baby farm animals by picture - Statistics

General Stats
  • This quiz has been taken 168 times
  • The average score is 4 of 5
Answer Stats
Picture Answer % Correct
Chick
95%
Piglet
90%
calf
84%
Kid
75%
foal
72%
No matching quizzes found
Score Distribution
Percent of People with Each Score
Percentile by Number Answered
Your Score History
You have not taken this quiz